MARC

LEADER 00000nam0a2200000 4500
001 87857
005 20231101213551.0
010 |a 5020286613 
020 |a RU  |b 88-15566 
035 |a (RuTPU)RU\TPU\book\94317 
090 |a 87857 
100 |a 20051216d1988 km y0rusy5003 ca 
101 0 |a rus 
102 |a RU 
105 |a a z 001zy 
200 1 |a Элементарные физико-химические процессы на поверхности  |f В. П. Жданов  |g Академия наук СССР (АН СССР), Сибирское отделение (СО), Институт катализа им. Г. К. Борескова (ИК) ; под ред. К. И. Замараева 
210 |a Новосибирск  |c Наука  |d 1988 
215 |a 320 с.  |c ил. 
320 |a Библиогр.: с. 296-317 
606 1 |a Поверхностные явления  |x (химия)  |2 stltpush  |3 (RuTPU)RU\TPU\subj\67776  |9 83442 
610 1 |a адсорбированные частицы 
610 1 |a релаксация 
610 1 |a элементарные процессы 
610 1 |a динамика 
610 1 |a адсорбционный слой 
610 1 |a свойства 
610 1 |a однородные поверхности 
610 1 |a кинетика 
610 1 |a каталитические реакции 
610 1 |a диффузия 
610 1 |a библиотека А. Г. Стромберга 
675 |a 544.72  |z rus  |v 3 
700 1 |a Жданов  |b В. П.  |g Владимир Петрович 
702 1 |a Замараев  |b К. И.  |4 340 
712 0 2 |a Академия наук СССР (АН СССР)  |b Сибирское отделение (СО)  |b Институт катализа им. Г. К. Борескова (ИК)  |c (Новосибирск)  |2 stltpush  |3 (RuTPU)RU\TPU\col\11571 
801 0 |a RU  |b RuMRKP  |c 19950417  |g psbo 
801 1 |a RU  |b 63413507  |c 20051216  |g PSBO 
801 2 |a RU  |b 63413507  |c 20170914  |g PSBO 
942 |c BK